Inšpirujúca mobilita - osobný automobil

Saved in:
Bibliographic Details
Main Author: Blaško, Michal (Author)
Other Authors: Baláž, Martin (Thesis advisor)
Format: Manuscript Book
Language:Slovak
Published: Bratislava 2019
Subjects:
Online Access:http://is.stuba.sk/zp/portal_zp.pl?podrobnosti=133790
Tags: Add Tag
No Tags, Be the first to tag this record!

MARC

LEADER 00000ntm a22000003a 4500
001 stuzp73927
003 SK-STU
005 20200916112158.7
007 ta
008 150427s2015----xo-----f-mn---000-0-slo-d
040 |a STU  |b slo 
041 0 |a slo 
100 1 |a Blaško, Michal  |u 059190  |4 aut  |U FAD Fakulta architektúry  |T FA Ústav dizajnu  |X 82377  |U A9190  |Y 400  |7 82377 
242 0 1 |a Inspiring mobility - Personal car  |y eng 
245 1 0 |a Inšpirujúca mobilita - osobný automobil 
260 |c 2019  |a Bratislava 
650 4 |a elektromobil  |2 slo 
650 4 |a výhľad  |2 slo 
650 4 |a bezpečnosť  |2 slo 
650 4 |a emócia  |2 slo 
650 4 |a autentický dizajn  |2 slo 
650 4 |a electric car  |2 eng 
650 4 |a authentic design  |2 eng 
650 4 |a overlook  |2 eng 
650 4 |a safety  |2 eng 
650 4 |a emotions  |2 eng 
700 1 |a Baláž, Martin  |u 059190  |k Z1  |4 ths  |U FAD Fakulta architektúry  |T FA Ústav dizajnu  |X 53323  |U A9190  |Y 400  |7 A000053323 
856 4 |u http://is.stuba.sk/zp/portal_zp.pl?podrobnosti=133790  |u https://opac.crzp.sk/?fn=detailBiblioForm&sid=819BE1355532A4D3171066AB1E91